Victorian Literature (Record no. 12368)

MARC details
000 -LEADER
fixed length control field 00401nam a22001697a 4500
003 - CONTROL NUMBER IDENTIFIER
control field OSt
008 - FIXED-LENGTH DATA ELEMENTS--GENERAL INFORMATION
fixed length control field 240401b |||||||| |||| 00| 0 eng d
020 ## - INTERNATIONAL STANDARD BOOK NUMBER
International Standard Book Number 9789386296979
082 ## - DEWEY DECIMAL CLASSIFICATION NUMBER
Classification number 823.8 NAC
100 ## - MAIN ENTRY--PERSONAL NAME
Personal name NAYAR, Pramod K, ed.
245 ## - TITLE STATEMENT
Title Victorian Literature
250 ## - EDITION STATEMENT
Edition statement Ist. ed.
260 ## - PUBLICATION, DISTRIBUTION, ETC. (IMPRINT)
Place of publication, distribution, etc Telangana
Name of publisher, distributor, etc Orient BlackSwan
Date of publication, distribution, etc 2017
300 ## - PHYSICAL DESCRIPTION
Extent 225 p.
650 ## - SUBJECT ADDED ENTRY--TOPICAL TERM
Topical term or geographic name as entry element English
942 ## - ADDED ENTRY ELEMENTS (KOHA)
Source of classification or shelving scheme Dewey Decimal Classification
Koha item type Text Books
Holdings
Withdrawn status Lost status Source of classification or shelving scheme Damaged status Not for loan Collection code Home library Current library Date acquired Source of acquisition Currency Cost, normal purchase price Bill Number Total Checkouts Full call number Acc. no. / Barcode Date last seen Actual Cost, discounted price Bill Date Koha item type Date last borrowed
    Dewey Decimal Classification     B.A Hons. English PIET NCR College Library PIET NCR College Library 23/03/2024 Zafaa Books & Distributors In Rupees 415.00 ZBD0458   823.8 NAC N3567 01/04/2024 290.50 23/03/2024 Reference Books  
    Dewey Decimal Classification     B.A Hons. English PIET NCR College Library PIET NCR College Library 23/03/2024 Zafaa Books & Distributors In Rupees 415.00 ZBD0458 1 823.8 NAC N3568 24/12/2024 290.50 23/03/2024 Text Books 13/12/2024

Design & Developed by: PIET Central Library
R70 Miles Stone Pattikalyana Samalkha Panipat 132102
mail ID :- [email protected], Phone No:- 0180-2569700 Ex.216